000 00745nam a2200181Ia 4500
008 151202s9999||||xx |||||||||||||| ||und||
082 _bPNVM-46602
100 _aखासगीवाले रामचंद्र.
245 _aमध्ुशर्करा(डायबेटीस).
260 _b"लिमये कुल विश्वस्त निध्ी करिता,पुणे."
260 _c0
300 _a106
600 _aखासगीवाले रामचंद्र.
630 _aमध्ुशर्करा(डायबेटीस).
700 _aखासगीवाले रामचंद्र.
730 _aमध्ुशर्करा(डायबेटीस).
942 _cBOOK
999 _c1312552
_d1312549